| 000 | 00602nam a2200169 a 4500 | ||
|---|---|---|---|
| 001 | 000017220 | ||
| 005 | 20200929165043.0 | ||
| 008 | 100319s19uu dr a 000 0 spa d | ||
| 040 |
_aDO-SdBNP _bspa _cBNPHU |
||
| 082 |
_axxx _bM828a |
||
| 100 | 1 |
_aMorales de C., Mercedes _937865 |
|
| 245 | 1 | 3 |
_aEl arte de la encuadernación tradicional / _cMercedes Morales de C. |
| 260 |
_aSanto Domingo : _bSecretaría de Estado de Educación, Bellas Artes y Cultos y La Comisión Permanente de la Feria del Libro. |
||
| 300 |
_a61 p. : _bil. ; _c19 cm. |
||
| 504 | _aIncluye bibliografías [p. 21] | ||
| 049 | _aBNPD | ||
| 999 |
_c16745 _d16745 |
||